[Event "22nd ch-EUR Indiv 2022"]
[Site "Terme Catez SLO"]
[Date "2022.04.01"]
[Round "6.116"]
[White "Ortega Ruiz, Jose Miguel"]
[Black "Herega, Nejc"]
[Result "1-0"]
[WhiteTitle "FM"]
[WhiteElo "2331"]
[BlackElo "2185"]
[WhiteFideId "2209713"]
[BlackFideId "14634058"]
[EventDate "2022.03.27"]

1. d4 Nf6 2. c4 g6 3. Nc3 d5 4. Bf4 Bg7 5. e3 O-O 6. Rc1 c5 7. dxc5 Be6 8. Nf3
Nc6 9. Be2 Qa5 10. O-O dxc4 11. Ng5 Rad8 12. Qa4 Qxa4 13. Nxa4 Bf5 14. Bxc4 Nh5
15. Bc7 Rd7 16. Bg3 h6 17. Nf3 Nxg3 18. hxg3 Ne5 19. Nxe5 Bxe5 20. Bb3 Rc7 21.
Rfd1 Rfc8 22. Rd5 Bd6 23. Rc3 Be6 24. cxd6 Rxc3 25. Nxc3 Bxd5 26. Bxd5 exd6 27.
Bxb7 Rb8 28. Bd5 Rxb2 29. Bb3 Kg7 30. Kf1 a5 31. Ke1 g5 32. Nd1 Rb1 33. Kd2 a4
34. Kc2 Rxd1 35. Kxd1 axb3 36. a4 1-0

[Event "22nd ch-EUR Indiv 2022"]
[Site "Terme Catez SLO"]
[Date "2022.04.01"]
[Round "6.117"]
[White "Monpeurt, Cyrielle"]
[Black "Dordzhieva, Dinara"]
[Result "1-0"]
[WhiteTitle "WFM"]
[BlackTitle "WGM"]
[WhiteElo "2156"]
[BlackElo "2325"]
[WhiteFideId "677400"]
[BlackFideId "24157570"]
[EventDate "2022.03.27"]

1. e4 c5 2. Nc3 d6 3. Nf3 Nf6 4. d4 cxd4 5. Nxd4 a6 6. Bg5 e6 7. Qe2 Be7 8. f4
h6 9. Bh4 Nxe4 10. Bxe7 Nxc3 11. Qc4 Kxe7 12. Qxc3 Re8 13. O-O-O Kf8 14. Be2 d5
15. g4 Bd7 16. Rhg1 Nc6 17. g5 hxg5 18. Nxc6 bxc6 19. Rxg5 Qf6 20. Qa3+ Re7 21.
Rdg1 g6 22. Kb1 Rb8 23. h4 Qd4 24. b3 Be8 25. h5 Qb4 26. Qb2 d4 27. Bd3 Rd8 28.
hxg6 fxg6 29. Qc1 a5 30. Qf1 Bf7 31. Bxg6 Bxg6 32. Rxg6 Ke8 33. Qa6 Kd7 34. f5
Kd6 35. Qe2 Rde8 36. Qh2+ Kd7 37. f6 Rf7 38. Rg7 Ree7 39. Qh7 Rxf6 40. Rxe7+
Qxe7 41. Rg7 Rf1+ 42. Kb2 1-0

[Event "22nd ch-EUR Indiv 2022"]
[Site "Terme Catez SLO"]
[Date "2022.04.01"]
[Round "6.118"]
[White "Karsay, Pascal"]
[Black "Katkov, Michelle"]
[Result "0-1"]
[WhiteTitle "FM"]
[BlackTitle "WFM"]
[WhiteElo "2310"]
[BlackElo "2149"]
[WhiteFideId "12953474"]
[BlackFideId "2816393"]
[EventDate "2022.03.27"]

1. c4 Nf6 2. Nc3 e6 3. e4 d5 4. e5 d4 5. exf6 dxc3 6. bxc3 Qxf6 7. Nf3 Nc6 8.
Bd3 Ne5 9. Be4 Nxf3+ 10. Bxf3 Qe5+ 11. Qe2 Qxe2+ 12. Kxe2 Rb8 13. a4 Be7 14. a5
Bd7 15. Ba3 Bxa3 16. Rxa3 Bc6 17. Rb1 Kd7 18. Bxc6+ Kxc6 19. Rb5 a6 20. Re5 Rbe8
21. d4 f6 22. Re3 e5 23. Kd3 Rd8 24. Rb3 b6 25. axb6 cxb6 26. Re2 Rhe8 27. Ra2
Ra8 28. Rba3 Kb7 29. c5 exd4 30. cxd4 bxc5 31. d5 Re1 32. Rc3 Rd1+ 33. Kc4 Rd8
34. Rb3+ Ka7 35. Rab2 Rc1+ 36. Rc3 Rxc3+ 37. Kxc3 Rxd5 38. Kc4 Re5 39. g3 Rf5
40. f4 g5 41. fxg5 fxg5 42. g4 Rf4+ 43. Kd5 Rxg4 44. Kc6 Rb4 45. Re2 Rb7 46.
Kxc5 h5 47. Kc6 Rb6+ 48. Kc5 a5 49. Re7+ Ka6 50. Re8 Rb2 51. Re6+ Kb7 52. h3 a4
53. Rg6 a3 54. Rxg5 a2 55. Rg7+ Ka8 56. Rg8+ Rb8 57. Rg1 Rb1 0-1

[Event "22nd ch-EUR Indiv 2022"]
[Site "Terme Catez SLO"]
[Date "2022.04.01"]
[Round "6.119"]
[White "Stevanic, David"]
[Black "Horvat, Damjan"]
[Result "1/2-1/2"]
[WhiteTitle "FM"]
[WhiteElo "2306"]
[BlackElo "2145"]
[WhiteFideId "14613921"]
[BlackFideId "14545535"]
[EventDate "2022.03.27"]

1. e4 c6 2. d4 d5 3. exd5 cxd5 4. c4 Nf6 5. Nc3 e6 6. Bf4 a6 7. c5 Be7 8. Nf3
O-O 9. Bd3 b6 10. b4 a5 11. Na4 bxc5 12. bxc5 Ba6 13. Nb6 Ra7 14. Ne5 Ne4 15.
Bxa6 Rxa6 16. f3 f6 17. fxe4 fxe5 18. Bxe5 Rxb6 19. Qg4 g6 20. cxb6 Qxb6 21. Qe2
Nc6 22. exd5 Nxe5 23. Qxe5 Qb2 24. Qxe6+ Rf7 25. Qxf7+ Kxf7 26. O-O+ Ke8 27. Kh1
Qxd4 28. Rad1 Qb4 29. Rfe1 Kd7 30. Rb1 Qc5 31. Rb7+ Kd8 32. Rb8+ Kd7 33. Rb7+
Kd8 34. Rb8+ Kd7 35. Rb7+ Kd8 1/2-1/2

[Event "22nd ch-EUR Indiv 2022"]
[Site "Terme Catez SLO"]
[Date "2022.04.01"]
[Round "6.120"]
[White "Giacomini, Hector"]
[Black "Uruci, Endrit"]
[Result "0-1"]
[BlackTitle "FM"]
[WhiteElo "2129"]
[BlackElo "2304"]
[WhiteFideId "605352"]
[BlackFideId "22100199"]
[EventDate "2022.03.27"]

1. Nf3 Nf6 2. e3 g6 3. d4 Bg7 4. c4 O-O 5. Be2 d6 6. Nc3 b6 7. O-O Bb7 8. Qc2
Nbd7 9. e4 e5 10. d5 Nh5 11. g3 Qe7 12. Be3 f5 13. exf5 Rxf5 14. Nh4 Rf7 15.
Bxh5 gxh5 16. Ne4 h6 17. Qe2 Nf6 18. Nxf6+ Qxf6 19. Qxh5 b5 20. b3 c6 21. dxc6
Bxc6 22. cxb5 Bxb5 23. Rfd1 Bc6 24. Qg6 Qxg6 25. Nxg6 d5 26. Rac1 Bb7 27. Bc5
Kh7 28. Nh4 Rd8 29. g4 d4 30. h3 Bf6 31. Nf5 Bf3 32. b4 Bg5 33. Rb1 h5 34. Nd6
Rg7 35. Re1 hxg4 36. h4 Bf4 37. Nf5 Rf7 38. Nd6 Rfd7 39. Ne4 Kg6 40. Ng3 Bxg3
41. fxg3 e4 42. Rb2 e3 43. Bxd4 Rxd4 44. Rxe3 Rd1+ 45. Kf2 Rh1 46. Reb3 Re8 47.
Re3 Rh2+ 48. Kg1 Rxb2 49. Rxe8 Rg2+ 50. Kf1 Rxg3 51. Re7 Rh3 52. Rxa7 g3 0-1

[Event "22nd ch-EUR Indiv 2022"]
[Site "Terme Catez SLO"]
[Date "2022.04.01"]
[Round "6.121"]
[White "Gramb, Marius"]
[Black "Taichman, Ori"]
[Result "1-0"]
[BlackTitle "FM"]
[WhiteElo "2107"]
[BlackElo "2297"]
[WhiteFideId "24656593"]
[BlackFideId "2804069"]
[EventDate "2022.03.27"]

1. e4 b6 2. d4 Bb7 3. Bd3 Nf6 4. Qe2 e6 5. Nf3 d5 6. e5 Nfd7 7. Ng5 Be7 8. Qg4
Nf8 9. h4 Ba6 10. Qf3 Bxg5 11. Bxg5 Qc8 12. Na3 Bxd3 13. Qxd3 Nc6 14. O-O Qb7
15. c4 a6 16. h5 h6 17. Bh4 g5 18. Bg3 O-O-O 19. Rfd1 Ne7 20. Nc2 Nd7 21. Ne3
dxc4 22. Qxc4 b5 23. Qb4 Nd5 24. Nxd5 Qxd5 25. a4 Kb7 26. axb5 Qxb5 27. Qe7 Rhf8
28. Rac1 Rde8 29. Qa3 Nb6 30. Rc5 Qa4 31. Rdc1 Rc8 32. Qf3+ Nd5 33. R5c4 Qa2 34.
Qd1 Nb6 35. Rb4 Qd5 36. Rc5 Qd7 37. d5 Ka7 38. d6 Nd5 39. Rb3 cxd6 40. Rxc8 Rxc8
41. Qd4+ Ka8 42. exd6 f6 43. Qd3 Rc6 44. Qg6 Nf4 45. Bxf4 gxf4 46. Qxh6 Qxd6 47.
Rc3 Rxc3 48. bxc3 Qd1+ 49. Kh2 Qe2 50. f3 Qe5 51. Qg6 Qe1 52. Qe4+ 1-0

[Event "22nd ch-EUR Indiv 2022"]
[Site "Terme Catez SLO"]
[Date "2022.04.01"]
[Round "6.122"]
[White "Royal, Shreyas"]
[Black "Veleski, Robert"]
[Result "1/2-1/2"]
[WhiteTitle "FM"]
[BlackTitle "FM"]
[WhiteElo "2296"]
[BlackElo "2136"]
[WhiteFideId "448869"]
[BlackFideId "15001008"]
[EventDate "2022.03.27"]

1. d4 Nf6 2. c4 g6 3. Nc3 Bg7 4. e4 d6 5. Nge2 O-O 6. Ng3 a6 7. Be2 c5 8. d5 b5
9. cxb5 axb5 10. Bxb5 Ba6 11. O-O Bxb5 12. Nxb5 Qb6 13. a4 Na6 14. Bd2 Nc7 15.
Nxc7 Qxc7 16. Bc3 Rfb8 17. Qc2 Qb7 18. Ra3 h5 19. f3 h4 20. Ne2 Qa6 21. Rfa1 Rb7
22. Nc1 Bh6 23. Nb3 Be3+ 24. Kh1 Qc4 25. Qd1 h3 26. Qf1 hxg2+ 27. Kxg2 Rxa4 28.
Rxa4 Qxb3 29. Qd3 Bd4 30. R1a3 Qb6 31. Bxd4 cxd4 32. Qxd4 Qxd4 33. Rxd4 Rxb2+
34. Kh3 Nh5 35. Rda4 Kg7 36. Ra2 Rb1 37. Kg2 g5 38. Ra7 Nf4+ 39. Kf2 Kf6 40. Rc2
Rh1 41. Ke3 Re1+ 42. Kd4 Rd1+ 43. Kc4 Rf1 44. Ra3 Ke5 45. Kb5 Ng6 46. Kc6 Kf6
47. Kd7 Ne5+ 48. Ke8 Rb1 49. Kd8 1/2-1/2

[Event "22nd ch-EUR Indiv 2022"]
[Site "Terme Catez SLO"]
[Date "2022.04.01"]
[Round "6.123"]
[White "Zirkelbach, Maj"]
[Black "Debevec, Blaz"]
[Result "1/2-1/2"]
[WhiteTitle "FM"]
[BlackTitle "CM"]
[WhiteElo "2295"]
[BlackElo "2084"]
[WhiteFideId "14613395"]
[BlackFideId "14605813"]
[EventDate "2022.03.27"]

1. d4 d5 2. c4 c6 3. Nf3 Nf6 4. e3 Bf5 5. Nc3 a6 6. Bd2 e6 7. Nh4 Bg4 8. Qc2
Nbd7 9. h3 Bh5 10. g4 Ne4 11. Nxe4 Qxh4 12. cxd5 exd5 13. Ng3 Bg6 14. Nf5 Bxf5
15. gxf5 Qe4 16. Qxe4+ dxe4 17. Bg2 Nf6 18. b4 Bd6 19. Ke2 O-O 20. a4 Rfe8 21.
Rab1 g6 22. fxg6 hxg6 23. Rhc1 Nd5 24. h4 f5 25. Bh3 Kg7 26. b5 cxb5 27. axb5 a5
28. Ra1 a4 29. Bg2 a3 30. f3 Nf6 31. Rc3 exf3+ 32. Bxf3 Ne4 33. Rb3 Rec8 34.
Bxe4 fxe4 35. Rc3 Rh8 36. Be1 Rh5 37. Rb3 g5 38. hxg5 Rxg5 39. Kd1 Rg1 40. Kc2
Rh8 41. Rbb1 Rh2+ 42. Kc3 Rhh1 43. Rc1 Kf7 44. Bd2 Rxc1+ 45. Rxc1 Rxc1+ 46. Bxc1
Ke6 47. Kb3 Kd5 48. Bxa3 Bg3 49. Be7 Bf2 50. Bg5 Be1 51. Bf4 Bd2 52. Kc2 Ba5 53.
Kb3 Bd2 54. Bg5 Be1 55. b6 Ba5 56. Ka4 Bxb6 57. Kb5 Bxd4 1/2-1/2

[Event "22nd ch-EUR Indiv 2022"]
[Site "Terme Catez SLO"]
[Date "2022.04.01"]
[Round "6.124"]
[White "Dalaud, Dorian"]
[Black "Loukopoulos, Panagiotis-Athanasi"]
[Result "1/2-1/2"]
[WhiteTitle "FM"]
[WhiteElo "2293"]
[BlackElo "2020"]
[WhiteFideId "36093270"]
[BlackFideId "4293835"]
[EventDate "2022.03.27"]

1. e4 e6 2. d4 d5 3. e5 c5 4. c3 Nc6 5. Nf3 Nh6 6. Bd3 cxd4 7. cxd4 Nf5 8. Bxf5
exf5 9. Nc3 Be6 10. h4 h6 11. h5 Be7 12. O-O g5 13. hxg6 fxg6 14. Nb5 g5 15.
Nd6+ Bxd6 16. exd6 Qxd6 17. Re1 O-O-O 18. Ne5 Nxe5 19. Rxe5 f4 20. Bd2 Kb8 21.
Qb3 Rhe8 22. Rae1 Qc6 23. Bb4 Bf7 24. Be7 Rd7 25. Bxg5 hxg5 26. Rxe8+ Bxe8 27.
Rxe8+ Kc7 28. Qb4 b6 29. Re5 Qc4 30. Qc3 Kb7 31. a3 Qxc3 32. bxc3 Rc7 33. Rxd5
Rxc3 34. Rxg5 Rxa3 35. d5 Ra1+ 36. Kh2 Rd1 37. Rg7+ Kb8 38. Rd7 a5 39. d6 a4 40.
Rf7 a3 41. Rf8+ Kb7 42. Rf7+ Ka6 43. Rxf4 b5 44. Rf8 b4 45. Rb8 Ka5 46. Ra8+ Kb5
47. g4 Rxd6 48. g5 Kc4 49. f4 b3 50. Ra4+ Kd5 51. Rxa3 Rb6 52. g6 b2 53. g7 Rh6+
54. Rh3 Rg6 55. Rb3 Rxg7 56. Rxb2 Ke4 1/2-1/2

[Event "22nd ch-EUR Indiv 2022"]
[Site "Terme Catez SLO"]
[Date "2022.04.01"]
[Round "6.125"]
[White "Gregoric, Andraz"]
[Black "Rubil, Marko"]
[Result "0-1"]
[BlackTitle "FM"]
[WhiteElo "2091"]
[BlackElo "2293"]
[WhiteFideId "14629461"]
[BlackFideId "14501546"]
[EventDate "2022.03.27"]

1. e4 e5 2. Nf3 Nc6 3. Bb5 a6 4. Ba4 Nf6 5. d3 d6 6. c3 Be7 7. Nbd2 O-O 8. O-O
Re8 9. Re1 Bf8 10. Nf1 b5 11. Bc2 Bb7 12. a4 g6 13. Ng3 Bg7 14. b4 h6 15. Bb2
Qd7 16. Bb3 Rab8 17. axb5 axb5 18. Qd2 d5 19. exd5 Nxd5 20. c4 Nf4 21. Re3 bxc4
22. Bxc4 Nxb4 23. Rxe5 Nh3+ 24. Kf1 Bxf3 25. Rxe8+ Qxe8 26. Bxg7 Kxg7 27. Qc3+
Kh7 28. gxf3 f5 29. Re1 Qf8 30. Qe5 Rb7 31. Kg2 Ng5 32. h4 Nf7 33. h5 Nxe5 34.
Rxe5 Rb6 0-1

[Event "22nd ch-EUR Indiv 2022"]
[Site "Terme Catez SLO"]
[Date "2022.04.01"]
[Round "6.126"]
[White "Palczert, Matyas"]
[Black "Babrauskas, Darius"]
[Result "1-0"]
[WhiteElo "2284"]
[BlackElo "2003"]
[WhiteFideId "784958"]
[BlackFideId "12805602"]
[EventDate "2022.03.27"]

1. e4 c5 2. Nf3 Nc6 3. d4 cxd4 4. Nxd4 Nf6 5. Nc3 e5 6. Ndb5 d6 7. Na3 a6 8. Nc4
b5 9. Ne3 Be7 10. g3 O-O 11. Bg2 Be6 12. O-O Rc8 13. a4 Nd4 14. Ncd5 Bxd5 15.
exd5 bxa4 16. Rxa4 Qb6 17. c3 Nb5 18. Nf5 Bd8 19. Be3 Qb8 20. c4 Nd4 21. Nxd4
exd4 22. Bxd4 Re8 23. b3 Qb7 24. Bh3 Rc7 25. c5 dxc5 26. Bxf6 Bxf6 27. d6 Rc6
28. Bg2 Rd8 29. Qd5 1-0

[Event "22nd ch-EUR Indiv 2022"]
[Site "Terme Catez SLO"]
[Date "2022.04.01"]
[Round "6.127"]
[White "Zupancic, Urban"]
[Black "Pasti, Aron"]
[Result "0-1"]
[BlackTitle "FM"]
[WhiteElo "2047"]
[BlackElo "2398"]
[WhiteFideId "14606631"]
[BlackFideId "785857"]
[EventDate "2022.03.27"]

1. d4 Nf6 2. c4 e6 3. Nf3 d5 4. g3 Be7 5. Bg2 O-O 6. Nbd2 b6 7. O-O Bb7 8. b3
Nbd7 9. Bb2 Qb8 10. Ne5 Rd8 11. Qc2 c5 12. Rad1 Nxe5 13. dxe5 Ng4 14. cxd5 exd5
15. Nf3 d4 16. e6 fxe6 17. Bh3 Ne5 18. Bxe6+ Kh8 19. Nxe5 Qxe5 20. Bf5 Rd6 21.
f4 Qe3+ 22. Rf2 Rh6 23. Kf1 Qxg3 24. Be4 Rxh2 25. Rxh2 Qxh2 26. Bxb7 Bh4 27. Bg2
Qxf4+ 28. Kg1 Bf2+ 0-1

[Event "22nd ch-EUR Indiv 2022"]
[Site "Terme Catez SLO"]
[Date "2022.04.01"]
[Round "6.128"]
[White "Lutsko, Artem"]
[Black "Olenik Campa, Rudi"]
[Result "1-0"]
[BlackTitle "CM"]
[WhiteElo "2390"]
[BlackElo "2112"]
[WhiteFideId "14188767"]
[BlackFideId "14633264"]
[EventDate "2022.03.27"]

1. e4 c5 2. Nf3 Nc6 3. Bb5 g6 4. O-O Bg7 5. c3 e5 6. d4 cxd4 7. cxd4 exd4 8. Bf4
a6 9. Ba4 b5 10. Bb3 d6 11. a4 b4 12. Nbd2 Bg4 13. Bd5 Rc8 14. Qb3 Nh6 15. Nc4
O-O 16. Nxd6 Rc7 17. Nc4 Rc8 18. Bxh6 Bxh6 19. Nfe5 Nxe5 20. Nxe5 Be6 21. Bxe6
fxe6 22. Qxe6+ Kg7 23. Qxa6 Qe7 24. Nd3 Rc2 25. e5 Be3 26. fxe3 Qg5 27. Qb7+ 1-0

[Event "22nd ch-EUR Indiv 2022"]
[Site "Terme Catez SLO"]
[Date "2022.04.01"]
[Round "6.129"]
[White "Fruebing, Stefan"]
[Black "Hulka, Valentyn"]
[Result "1/2-1/2"]
[WhiteTitle "IM"]
[WhiteElo "2374"]
[BlackElo "2105"]
[WhiteFideId "4682165"]
[BlackFideId "34107061"]
[EventDate "2022.03.27"]

1. e4 c5 2. Nf3 d6 3. d4 cxd4 4. Nxd4 Nf6 5. Nc3 a6 6. h3 e5 7. Nde2 h5 8. g3
Be7 9. Bg2 b5 10. Nd5 Nxd5 11. Qxd5 Ra7 12. Be3 Rb7 13. O-O Nd7 14. Qd2 O-O 15.
Nc3 Nf6 16. a3 Qc7 17. Bg5 Be6 18. Rfd1 Rd8 19. Bxf6 Bxf6 20. Nd5 Bxd5 21. Qxd5
Rb6 22. c3 h4 23. Rd3 Qc6 1/2-1/2

[Event "22nd ch-EUR Indiv 2022"]
[Site "Terme Catez SLO"]
[Date "2022.04.01"]
[Round "6.130"]
[White "Shpanko, Nadiia"]
[Black "Novosel, Lovro"]
[Result "1-0"]
[WhiteTitle "WIM"]
[WhiteElo "2247"]
[BlackElo "2099"]
[WhiteFideId "14132400"]
[BlackFideId "14547120"]
[EventDate "2022.03.27"]

1. e4 c5 2. Nf3 d6 3. Bb5+ Nd7 4. Ba4 Nf6 5. O-O e6 6. Qe2 Be7 7. c3 O-O 8. d4
a6 9. e5 Nd5 10. Bc2 cxd4 11. Qd3 g6 12. exd6 Bxd6 13. Bh6 Re8 14. Qxd4 Qf6 15.
Nbd2 Qxd4 16. Nxd4 N7f6 17. h3 b5 18. c4 bxc4 19. Nxc4 Bf8 20. Bxf8 Kxf8 21.
Rac1 Rd8 22. Nc6 Rd7 23. N6e5 Rc7 24. Nd6 Ne8 25. Nxe8 Kxe8 26. Ba4+ Ke7 27. Bc6
Bb7 28. Bxd5 Rxc1 29. Bxb7 Rxf1+ 30. Kxf1 Rf8 31. Bxa6 Kd6 32. Nd3 e5 33. b4 e4
34. Nc5 f5 35. a4 Kd5 36. a5 f4 37. Bb7+ Kc4 38. a6 Kxb4 39. Nxe4 f3 40. gxf3 1-0

[Event "22nd ch-EUR Indiv 2022"]
[Site "Terme Catez SLO"]
[Date "2022.04.01"]
[Round "6.131"]
[White "Zadravec, Matija"]
[Black "Hryzlova, Sofiia"]
[Result "1-0"]
[BlackTitle "WCM"]
[WhiteElo "2239"]
[BlackElo "2097"]
[WhiteFideId "14533413"]
[BlackFideId "14174669"]
[EventDate "2022.03.27"]

1. d4 Nf6 2. Nf3 e6 3. Bf4 c5 4. e3 Qb6 5. Nc3 Nh5 6. Bg5 h6 7. Bh4 g5 8. Ne5
Ng7 9. Nc4 Qd8 10. Bg3 d5 11. Nb5 Na6 12. Ncd6+ Bxd6 13. Nxd6+ Ke7 14. dxc5 Qa5+
15. c3 Qxc5 16. Qf3 f6 17. h4 e5 18. hxg5 Qxd6 19. gxf6+ Kf7 20. fxg7+ Kxg7 21.
Rd1 Nc7 22. Rh5 1-0

[Event "22nd ch-EUR Indiv 2022"]
[Site "Terme Catez SLO"]
[Date "2022.04.01"]
[Round "6.132"]
[White "Tancsa, Tamas"]
[Black "Redzisz, Michal"]
[Result "0-1"]
[BlackTitle "FM"]
[WhiteElo "2096"]
[BlackElo "2223"]
[WhiteFideId "783749"]
[BlackFideId "21816107"]
[EventDate "2022.03.27"]

1. e4 c6 2. d4 d5 3. e5 c5 4. dxc5 e6 5. a3 Bxc5 6. Nf3 Nd7 7. Bd3 f6 8. b4 Be7
9. Bb2 a5 10. O-O fxe5 11. Nxe5 Ngf6 12. Nxd7 Bxd7 13. g4 O-O 14. g5 Ne4 15.
Bxe4 dxe4 16. Nc3 Rf4 17. Qd4 Qf8 18. Ne2 Rg4+ 19. Ng3 Rd8 20. f3 Rxg5 21. fxe4
Qe8 22. Qe3 Bc6 23. Rad1 Rxd1 24. Rxd1 h5 25. Qf4 Qf7 26. Qxf7+ Kxf7 27. Kf2
axb4 28. axb4 Bxb4 29. Ke3 h4 30. Ne2 e5 31. Kf3 Rf5+ 32. Kg4 Rf2 33. Ng1 Rf4+
34. Kh5 Bxe4 35. Bxe5 Rf5+ 36. Kxh4 Rxe5 37. Nh3 Be7+ 38. Kg3 Bxc2 0-1

[Event "22nd ch-EUR Indiv 2022"]
[Site "Terme Catez SLO"]
[Date "2022.04.01"]
[Round "6.133"]
[White "Hommer, Jeremy"]
[Black "Rozman, Monika"]
[Result "0-1"]
[BlackTitle "WFM"]
[WhiteElo "2221"]
[BlackElo "2094"]
[WhiteFideId "12992577"]
[BlackFideId "14609118"]
[EventDate "2022.03.27"]

1. d4 d5 2. Nf3 Nf6 3. c4 c6 4. Nc3 dxc4 5. e4 b5 6. Be2 e6 7. O-O Bb7 8. Rb1
Nbd7 9. b3 Bb4 10. e5 Bxc3 11. exf6 Nxf6 12. bxc4 b4 13. Bb2 Bxb2 14. Rxb2 a5
15. a3 Qe7 16. axb4 axb4 17. Qe1 Ra4 18. Bd1 Ra7 19. Qxb4 Qxb4 20. Rxb4 Ke7 21.
Be2 c5 22. dxc5 Rc8 23. Ne5 Rxc5 24. Nd3 Rc7 25. f3 Ra2 26. Rb2 Rxb2 27. Nxb2
Nd7 28. Ra1 Ne5 29. Kf2 Nc6 30. Ke3 e5 31. Bd3 Nd4 32. Ra5 Ke6 33. Na4 Nb3 34.
Rb5 Bc6 35. Rb6 Ke7 36. Nc3 Nc5 37. Bc2 g6 38. Rb8 f5 39. h4 Nd7 40. Rb4 Nf6 41.
Ba4 Bxa4 42. Nxa4 Nd7 43. Kd3 Kf6 44. Kc3 f4 45. Nb6 Nxb6 46. Rxb6+ Kf5 47. Kb4
g5 48. hxg5 Kxg5 49. c5 Kh4 50. Kc4 Kg3 51. Rb2 h5 52. Kd5 h4 53. Rc2 h3 54.
gxh3 Kxf3 55. Kxe5 Kg3 56. c6 f3 57. Rc3 Kg2 58. h4 f2 59. Kd6 Rxc6+ 60. Kxc6
f1=Q 61. Rc5 Qf6+ 62. Kd5 Qxh4 63. Rc3 Kf2 64. Rd3 Ke2 65. Rd4 Qg5+ 66. Kc4 Qf5
67. Rd5 Qf7 68. Kd4 Kf3 69. Re5 Qd7+ 70. Rd5 Qa4+ 71. Ke5 Qf4+ 72. Ke6 Ke4 73.
Rd6 Qf5+ 74. Ke7 Ke5 75. Rd7 Qf6+ 76. Ke8 Qh8+ 77. Kf7 Qh7+ 78. Ke8 Qg8+ 79. Ke7
Qc8 80. Rd1 Qe6+ 81. Kd8 Qb6+ 82. Ke8 Qb5+ 83. Ke7 Qb4+ 84. Kd8 Ke6 85. Kc8 Qc4+
86. Kd8 Qc3 87. Rh1 Qa5+ 88. Kc8 Qa8+ 0-1

[Event "22nd ch-EUR Indiv 2022"]
[Site "Terme Catez SLO"]
[Date "2022.04.01"]
[Round "6.134"]
[White "Zlatkov, Anton"]
[Black "Nareks, Matic"]
[Result "1/2-1/2"]
[BlackTitle "CM"]
[WhiteElo "2081"]
[BlackElo "2202"]
[WhiteFideId "15005402"]
[BlackFideId "14629526"]
[EventDate "2022.03.27"]

1. e4 c5 2. Nf3 g6 3. c3 d5 4. exd5 Qxd5 5. d4 Bg7 6. Be3 cxd4 7. cxd4 Qa5+ 8.
Nc3 Nh6 9. Bc4 O-O 10. O-O Bg4 11. Bd5 Nc6 12. Bxc6 bxc6 13. Bxh6 Bxh6 14. Re1
Rab8 15. Rxe7 Rxb2 16. Ne4 Bg7 17. h3 Qa3 18. Rc7 Bxf3 19. Qxf3 Qxf3 20. gxf3
Bxd4 21. Rd1 Bb6 22. Rxc6 Rxa2 23. Rd7 h6 24. h4 Kg7 25. f4 Re8 26. Rf6 Bxf2+
27. Kf1 Rf8 28. h5 gxh5 29. f5 Be3 30. Rg6+ Kh8 31. Nf6 Rb8 32. Rb7 1/2-1/2

[Event "22nd ch-EUR Indiv 2022"]
[Site "Terme Catez SLO"]
[Date "2022.04.01"]
[Round "6.135"]
[White "Kanyamarala, Trisha"]
[Black "Franc, Borna"]
[Result "1-0"]
[WhiteTitle "WIM"]
[WhiteElo "2180"]
[BlackElo "2013"]
[WhiteFideId "45004722"]
[BlackFideId "14555948"]
[EventDate "2022.03.27"]

1. d4 e6 2. c4 d5 3. Nc3 Nf6 4. cxd5 exd5 5. Bg5 Be7 6. e3 Bf5 7. Bxf6 Bxf6 8.
Qb3 Be6 9. Qxb7 Nd7 10. Qb3 Rb8 11. Qc2 c5 12. Nf3 cxd4 13. exd4 Qb6 14. Bb5
Bxd4 15. Nxd4 Qxd4 16. O-O O-O 17. Rad1 Qc5 18. Bxd7 Bxd7 19. Rxd5 Qc7 20. Rfd1
Be6 21. R5d2 Rfe8 22. Qa4 Qe7 23. h3 h6 24. Re1 Qg5 25. Rde2 Red8 26. Ne4 Qd5
27. b3 a5 28. Qa3 Rbc8 29. Qb2 Qd4 30. Qa3 Qd5 31. Ng3 Rc5 32. Nf1 Rdc8 33. Qb2
Qg5 34. Re5 Qf6 35. R5e2 Qg5 36. Kh1 Qg6 37. Ng3 Rc2 38. Qe5 Rxe2 39. Nxe2 Qc2
40. Qxa5 Qb2 41. Kg1 Rc2 42. Qd8+ Kh7 43. Qd3+ g6 44. Qe3 Qxa2 45. Nd4 Rc7 46.
Nxe6 fxe6 47. Qxe6 h5 48. Qd5 Qc2 49. b4 Qc3 50. Qe5 Qxe5 51. Rxe5 Rc1+ 52. Kh2
Rb1 53. b5 h4 54. g3 hxg3+ 55. Kxg3 Rb3+ 56. Kg4 Kh6 57. h4 Rb4+ 58. Kg3 Rb3+
59. f3 Rb4 60. Rc5 Kh7 61. h5 gxh5 62. Rxh5+ Kg6 63. Rc5 Kf6 64. Rc6+ Kf5 65.
Rb6 Rb1 66. Rb8 1-0

[Event "22nd ch-EUR Indiv 2022"]
[Site "Terme Catez SLO"]
[Date "2022.04.01"]
[Round "6.136"]
[White "Pozun, Matej"]
[Black "Borisek, Anze"]
[Result "1-0"]
[WhiteElo "2168"]
[BlackElo "1905"]
[WhiteFideId "14618788"]
[BlackFideId "14608693"]
[EventDate "2022.03.27"]

1. e4 Nc6 2. Nf3 d6 3. d4 Nf6 4. Nc3 e5 5. Bb5 exd4 6. Nxd4 Bd7 7. Bxc6 bxc6 8.
O-O Be7 9. Qf3 c5 10. Nf5 Bxf5 11. exf5 Rb8 12. Re1 O-O 13. g4 Nd7 14. Nd5 Ne5
15. Qg2 c6 16. Nc3 Bh4 17. b3 Re8 18. Bf4 Rb4 19. Bxe5 Rxe5 20. Rxe5 dxe5 21.
Rd1 Rd4 22. Qf3 h5 23. h3 Qg5 24. Rxd4 cxd4 25. Ne4 Qc1+ 26. Kg2 Qxc2 27. gxh5
d3 28. Qg4 d2 29. f6 Qxe4+ 30. Qxe4 d1=Q 31. Qxh4 Qd5+ 32. Kg3 e4 33. Qg4 Qe5+
34. Qf4 Qxh5 35. fxg7 f5 36. Qb8+ Kxg7 37. Qxa7+ Kf6 38. Qe3 Qd1 39. Qc3+ Ke7
40. Qe5+ Kd8 41. Qa5+ Ke8 42. Qxf5 Qd3+ 43. Kg4 Qe2+ 44. Kg5 Qxa2 45. Qxe4+ Kd7
46. Qf5+ Kd6 47. Qf6+ Kd7 48. Qf7+ Kd6 49. h4 Qb1 50. h5 Qg1+ 51. Kh6 Kc5 52. f4
Kb6 53. Kh7 Qb1+ 54. f5 Qe4 55. h6 1-0

[Event "22nd ch-EUR Indiv 2022"]
[Site "Terme Catez SLO"]
[Date "2022.04.01"]
[Round "6.137"]
[White "Lauda, Alexandr"]
[Black "Janzelj, Lara"]
[Result "0-1"]
[BlackTitle "WIM"]
[WhiteElo "1789"]
[BlackElo "2160"]
[WhiteFideId "13903179"]
[BlackFideId "14608391"]
[EventDate "2022.03.27"]

1. e4 e5 2. Nf3 Nc6 3. Bb5 a6 4. Ba4 Nf6 5. O-O Be7 6. Re1 b5 7. Bb3 d6 8. c3
O-O 9. h3 Na5 10. Bc2 c5 11. d4 Qc7 12. Nbd2 Bd7 13. dxe5 dxe5 14. Nf1 Rfd8 15.
Qe2 Be6 16. b3 h6 17. Ne3 c4 18. b4 Nb7 19. a4 Nd6 20. Nd5 Bxd5 21. exd5 e4 22.
Nd2 Bf8 23. axb5 axb5 24. Bb2 Rxa1 25. Rxa1 Re8 26. Ra5 e3 27. fxe3 Nxd5 28. e4
Nxb4 29. cxb4 c3 30. Bc1 cxd2 31. Qxd2 Nc4 32. Qc3 Bxb4 0-1